000 00891nam0a22002291 4500
001 rc\2596201
005 20260406153741.0
035 _a(NLR Aleph) 006760368
090 _a5837925
_c5837925
100 _a20110914d1929 |||y0rusy50 ca
101 0 _arus
102 _aRU
105 _ay z |||||
200 1 _aО комплектовании рабочих университетов
_eИнструктивное письмо
210 _aМосква
_aЛенинград
_cНар. ком. прос. РСФСР
_cГос. изд-во
_d1929
_eМосква
_g6 типо-лит. Транспечати НКПС
215 _a15 с.
_d19х13 см.
710 0 1 _aРСФСР
_bГлавный политико-просветительный комитет
_3RU\NLR\AUTH\889929096
_9353714
801 0 _aRU
_bNLR
_gpsbo
801 1 _aRU
_bELAR
_2rusmarc
852 _aNLR
_j82/334
942 _cBOOK
980 _aNB